مكتبة جامعة عجلون الوطنية

فهرس بحث المكتبة

Normal view MARC view
  • الجامعة الاردنية " مركز الدراسات والبجوث المائية والبيئية"؛ تحرير عبد اللطيف عربيات... وآخرون

Entry Personal Name

Number of records used in: 1

001 - CONTROL NUMBER

  • control field: 56341

003 - CONTROL NUMBER IDENTIFIER

  • control field: JO-AjAnu

005 - DATE AND TIME OF LATEST TRANSACTION

  • control field: 20230606083232.0

008 - FIXED-LENGTH DATA ELEMENTS

  • fixed length control field: 230606|| aca||aabn | a|a d

040 ## - CATALOGING SOURCE

  • Original cataloging agency: JO-AjAnu
  • Transcribing agency: JO-AjAnu

100 ## - HEADING--PERSONAL NAME

  • Personal name: الجامعة الاردنية " مركز الدراسات والبجوث المائية والبيئية"؛ تحرير عبد اللطيف عربيات... وآخرون

670 ## - SOURCE DATA FOUND

  • Source citation: Work cat.: (JO-AjAnu)28751: الجامعة الاردنية " مركز الدراسات والبجوث المائية والبيئية"؛ تحرير عبد اللطيف عربيات... وآخرون, author, الحصاد المائي ودورة في تنمية الغطاء النباتي في البادية الأردنية: اليوم العلمي الثاني بالتعاون مع الجامعة الأردنية " مركز الدراسات والبحوث المائية والبيئية 6/5/1996